00174nam a2200073Ia 4500082001200000245002900012100001800041008004100059 aJ MEI  0aToe Andre weggeloop het  a MEIJ, Mart 210825s9999 xx 000 0 und d